Mistrzowie Świata w Snookera w XXI wieku - Statystyki

Ogólne statystyki
  • Ten quiz został rozwiązany 169 razy
    54 od ostatniego zresetowania
  • Średni wynik to 20 z 23
Statystyki odpowiedzi
Rok Narodowość Nazwisko % Poprawnych
2001 Anglia Ronnie O’Sullivan
98%
2004 Anglia Ronnie O’Sullivan
98%
2008 Anglia Ronnie O’Sullivan
98%
2012 Anglia Ronnie O’Sullivan
98%
2013 Anglia Ronnie O’Sullivan
98%
2020 Anglia Ronnie O’Sullivan
98%
2022 Anglia Ronnie O’Sullivan
98%
2010 Australia Neil Robertson
93%
2007 Szkocja John Higgins
89%
2009 Szkocja John Higgins
89%
2011 Szkocja John Higgins
89%
2014 Anglia Mark Selby
89%
2016 Anglia Mark Selby
89%
2017 Anglia Mark Selby
89%
2021 Anglia Mark Selby
89%
2019 Anglia Judd Trump
87%
2023 Belgia Luca Brecel
84%
2003 Walia Mark Williams
80%
2018 Walia Mark Williams
80%
2005 Anglia Shaun Murphy
73%
2015 Anglia Stuart Bingham
64%
2006 Szkocja Graeme Dott
60%
2002 Anglia Peter Ebdon
51%
Nie znaleziono quizów pasujących do podanych kryteriów
Rozkład punktacji
Procent ludzi z każdym wynikiem
Percentyl według liczby udzielonych odpowiedzi
Twoja historia wyników
Nie rozwiązałeś tego quizu od ostatniego zresetowania